00972nam a22002177a 4500003000500000005001700005008004100022040001900063082001800082100003000100245004100130250002000171260005500191300004500246490004800291500017700339700004000516942005400556999001900610952012500629322820251111152632.0251111b sa ||||| |||| 00| 0 eng d amplc3228erda 0aJ 813.92 SHEP 9197596aShepherd, Jacqui  aLala the ladybug c Shepherd, Jacqui aFirst edition.  aGallo Manor: bAwareness Publishing Group, c2018. a31 pages:bcolour illustration; c21 cm aBug stories Shepherd, Jacqui. Bug stories. a"Little stories, big lessons"--Cover "New African stories for a new generation"--Cover Issued in slipcase with other titles in series; one poster included in this series. 9197699aDunstan, Tanjaeillustrator 2ddccBOOKw6786xChimezie Obiy6786zChimezie Obi c789005d789004 00102ddc40708800aMBOMRLbHAZYLcGENd2025-11-11g250.00oJ 813.92 SHEPp3228200043658r2025-11-11w2025-11-11yBOOK